Avions de ligne - Images - Statistiques

Statistiques générales
  • Ce quiz a été pris 81 fois
  • Le résultat moyen est 6 sur 12
Statistiques - réponses
Par images Réponse % Correct
Boeing 777
84%
Airbus A350
83%
Airbus A330
59%
Airbus A321
54%
Boeing 757
54%
Airbus A319
48%
Boeing 787
48%
Embraer 190
37%
McDonnell Douglas MD-11
35%
Boeing 717
30%
Bombardier CRJ 900
21%
Fokker 100
21%
Aucun quiz correspondant
Distribution des résultats
% des personnes avec chaque résultat
Percentile par nombre de réponses
Votre historique - résultats
Vous n’avez pas pris ce quiz